Normal view
MARC view
- Shukla Anika
Entry Personal Name
001 - CONTROL NUMBER
- control field: 182646
003 - CONTROL NUMBER IDENTIFIER
- control field: OSt
005 - DATE AND TIME OF LATEST TRANSACTION
- control field: 20230605084951.0
008 - FIXED-LENGTH DATA ELEMENTS
- fixed length control field: 230605|| aca||aabn | a|a d
040 ## - CATALOGING SOURCE
- Original cataloging agency: OSt
- Transcribing agency: OSt
100 ## - HEADING--PERSONAL NAME
- Personal name: Shukla Anika
670 ## - SOURCE DATA FOUND
- Source citation: Work cat.: (OSt)160708: Shukla Anika, Prison As A Reformation Centre : Reintegrating The Anti Social With The Social To Transit From Retribution To Reformation, 2014